000 00816cam a2200217 4500
001 WB3606-27
008 000000n2000 000 0 eng u
035 _a(Sirsi) u104097
245 _aDiploma will make history
260 _c2000
490 _aEstate Agency News
_v(153) February 2000, 20(1)
520 _aA Residential Letting and Management Diploma is to be launched by the Guild of Letting and Management in April. The diploma will cover all aspects of letting and property management and will provide a recognised qualification for letting agents.
590 _aWB
650 _aRESIDENTIAL LETTINGS
650 _aQUALIFICATIONS
650 _aDIPLOMAS
650 _aLETTING AGENTS
650 _aGUILD OF LETTING AND MANAGEMENT
690 _aPROPERTY MANAGEMENT-RESIDENTIAL PROPERTY
942 _n0
999 _c62472
_d62472